00526nam a2200145Ia 450000500170000000800410001710000220005824500880008026000360016830000110020465000270021594200070024299900170024995201140026620260328104303.0260328s9999||||xx |||||||||||||| ||und|| aGoldstein, Thomas 0aLos Albores de la Ciencia :b de los Arabes a Leonardo da Vinci /cThomas Goldstein bFondo Educativo Interamericano  a257 p. aHISTORIA DE LA CIENCIA cBK c10657d10657 001040708GENaGPCbGPCcGENd2026-03-28i4890l0o509 G 5781p4890r2026-03-28 15:43:03t1w2026-03-28yBK